| 000 | 00940cam a2200313 a 4500 | ||
|---|---|---|---|
| 001 | 200468161 | ||
| 003 | TR-AnTOB | ||
| 005 | 20260416164655.0 | ||
| 007 | ta | ||
| 008 | 851021t19651963nyua 000 0aeng d | ||
| 010 | _a 85673382 | ||
| 040 |
_aMH _beng _erda _cMH _dDLC _dTR-AnTOB |
||
| 041 | 0 | _aeng | |
| 043 | _au-nz--- | ||
| 050 | 0 | 0 |
_aLC3501.M3 _bA8 1965 |
| 090 |
_aLC3501.M3 _bA8 1965 |
||
| 100 | 1 |
_aAshton-Warner, Sylvia _eauthor _9153748 |
|
| 245 | 1 | 0 |
_aTeacher / _cSylvia Ashton-Warner. |
| 264 | 1 |
_aNew York: _bBantam Books, _c1965. |
|
| 300 |
_a191 pages : _billustrations ; _c20 cm. |
||
| 336 |
_atext _btxt _2rdacontent |
||
| 337 |
_aunmediated _bn _2rdamedia |
||
| 338 |
_avolume _bnc _2rdacarrier |
||
| 650 | 0 |
_aMāori (New Zealand people) _xEducation _9153749 |
|
| 650 | 0 |
_aEducation _xExperimental methods. _926219 |
|
| 650 | 0 |
_aTeachers _zNew Zealand _vBiography _945729 |
|
| 942 |
_2lcc _cBK |
||
| 999 |
_c200468161 _d86373 |
||